Wie KI den Hass im Netz bekämpft

Saved in:  
Bibliographic Details
Main Author: Klemp, Christoph (Author)
Format: Print Article
Language:German
Published: 2024
In: Forum Opferhilfe
Year: 2024, Volume: 47, Issue: 3, Pages: 19-21
Check availability: HBZ Gateway
Keywords:

MARC

LEADER 00000naa a2200000 c 4500
001 1909443697
003 DE-627
005 20241125113305.0
007 tu
008 241125s2024 xx ||||| 00| ||ger c
035 |a (DE-627)1909443697 
035 |a (DE-599)KXP1909443697 
040 |a DE-627  |b ger  |c DE-627  |e rda 
041 |a ger 
084 |a 2,1  |2 ssgn 
100 1 |a Klemp, Christoph  |e VerfasserIn  |4 aut 
245 1 0 |a Wie KI den Hass im Netz bekämpft  |c Christoph Klemp 
264 1 |c 2024 
300 |b Illustrationen 
336 |a Text  |b txt  |2 rdacontent 
337 |a ohne Hilfsmittel zu benutzen  |b n  |2 rdamedia 
338 |a Band  |b nc  |2 rdacarrier 
650 0 7 |0 (DE-588)1155206169  |0 (DE-627)101655124X  |0 (DE-576)501482695  |a Hassrede  |2 gnd 
650 0 7 |0 (DE-588)4639271-3  |0 (DE-627)330421344  |0 (DE-576)214542661  |a Social Media  |2 gnd 
650 0 7 |0 (DE-588)4056399-6  |0 (DE-627)106154877  |0 (DE-576)209117532  |a Sportler  |2 gnd 
650 0 7 |0 (DE-588)4033447-8  |0 (DE-627)106257188  |0 (DE-576)209002050  |a Künstliche Intelligenz  |2 gnd 
650 0 7 |0 (DE-588)4563128-1  |0 (DE-627)305134345  |0 (DE-576)213741776  |a Hate Crime  |2 gnd 
650 0 7 |0 (DE-588)7864395-8  |0 (DE-627)700634487  |0 (DE-576)363213635  |a Internetkriminalität  |2 gnd 
650 0 7 |0 (DE-588)4300400-3  |0 (DE-627)104107553  |0 (DE-576)211028487  |a Empirische Forschung  |2 gnd 
773 0 8 |i Enthalten in  |t Forum Opferhilfe  |d Mainz : Weisser Ring e.V., 2016  |g 47(2024), 3, Seite 19-21  |h Bände  |w (DE-627)845374737  |w (DE-600)2843715-9  |w (DE-576)453816282  |x 2627-051X  |7 nnas 
773 1 8 |g volume:47  |g year:2024  |g number:3  |g pages:19-21 
951 |a AR 
ELC |b 1 
LOK |0 000 xxxxxcx a22 zn 4500 
LOK |0 001 462210508X 
LOK |0 003 DE-627 
LOK |0 004 1909443697 
LOK |0 005 20241125113305 
LOK |0 008 241125||||||||||||||||ger||||||| 
LOK |0 040   |a DE-21-110  |c DE-627  |d DE-21-110 
LOK |0 852   |a DE-21-110 
LOK |0 852 1  |m p  |9 00 
LOK |0 938   |k p 
LOK |0 939   |a 25-11-24  |b l01 
ORI |a SA-MARC-krimdoka001.raw